| 000 | 00829cam a2200289 4500 | ||
|---|---|---|---|
| 008 | 090401t1991 xxu||||| |||| 00| 0 eng d | ||
| 020 | _a185380035X | ||
| 035 | _a(Sirsi) u40692 | ||
| 041 | _aeng | ||
| 050 |
_a333.7 _c18 |
||
| 100 | _aBright, Keith | ||
| 245 |
_aBuilding a greener future _benvironmental issues facing the construction industry. |
||
| 260 |
_aAscot _bCIOB _c1991 |
||
| 300 |
_avii, 59p. _c30cm. |
||
| 350 | _a0 | ||
| 490 |
_aCIOB Occasional Paper _v49 |
||
| 650 | _aBUILT ENVIRONMENT-CONSTRUCTION DESIGN | ||
| 650 | _aBUILDING INDUSTRY | ||
| 650 | _aENVIRONMENTALLY FRIENDLY BUILDINGS | ||
| 650 | _aGREENHOUSE EFFECT | ||
| 650 | _aOZONE LAYER | ||
| 650 | _aTROPICAL HARDWOODS | ||
| 690 | _aENVIRONMENTAL AND LAND CONSULTANCY | ||
| 700 | _aLown, Matthew | ||
| 942 | _n0 | ||
| 948 | _c04/03/1997 | ||
| 999 |
_c90883 _d90883 |
||